[Event "Stjernen NGP B"]
[Site "Oslo"]
[Date "2018.06.09"]
[Round "3"]
[White "Thingstad, Tormod"]
[Black "Jensen, Michael Eckmann"]
[Result "0-1"]
[WhiteElo "1410"]
[BlackElo "1552"]
[PlyCount "62"]
[EventDate "2018.06.08"]
[EventType "swiss"]
[EventRounds "6"]
[EventCountry "NOR"]
[SourceTitle "EXT 2024"]
[Source "ChessBase"]
[SourceDate "2023.10.10"]
[SourceVersion "1"]
[SourceVersionDate "2023.10.10"]
[SourceQuality "1"]

1. d4 Nf6 2. c4 c5 3. e3 g6 4. Nf3 Bg7 5. Nc3 cxd4 6. exd4 d6 7. Bd3 0-0 8. 0-0 Bg4 9. h3 Bd7 10. Re1 Nc6 11. a3 Rc8 12. d5 Na5 13. b4 Nxc4 14. Qe2 Nb6 15. Bb2 Nbxd5 16. Nxd5 Nxd5 17. Bxg7 Kxg7 18. Qb2+ Kg8 19. Be4 Nf4 20. Rad1 Bc6 21. Bxc6 Rxc6 22. Ne5 Rc7 23. Ng4 h5 24. Ne5 Qc8 25. Nf3 Qf5 26. Qb3 Rfc8 27. Nh4 Qg5 28. g3 Rc3 29. Qb1 Rxg3+ 30. fxg3 Qxg3+ 31. Ng2 Qxg2# 0-1

[Event "Stjernen NGP B"]
[Site "Oslo"]
[Date "2018.06.08"]
[Round "2"]
[White "Jensen, Michael Eckmann"]
[Black "Larsen, Per Magnus"]
[Result "1-0"]
[WhiteElo "1552"]
[BlackElo "1315"]
[PlyCount "39"]
[EventDate "2018.06.08"]
[EventType "swiss"]
[EventRounds "6"]
[EventCountry "NOR"]
[SourceTitle "EXT 2024"]
[Source "ChessBase"]
[SourceDate "2023.10.10"]
[SourceVersion "1"]
[SourceVersionDate "2023.10.10"]
[SourceQuality "1"]

1. f4 c6 2. Nf3 d5 3. e3 Nf6 4. Be2 Bf5 5. 0-0 e6 6. b3 Bd6 7. Bb2 Nbd7 8. Nh4 Bg6 9. Nxg6 hxg6 10. c4 Qe7 11. cxd5 exd5 12. Qc2 0-0-0 13. Nc3 Nc5 14. b4 Nce4 15. Nb5 Bb8 16. Nd4 Nd6 17. Nxc6 bxc6 18. Qxc6+ Qc7 19. Ba6+ Nb7 20. Bxb7# 1-0